| 000 | 00820nam a2200265 a 4500 | ||
|---|---|---|---|
| 001 | 000021287 | ||
| 005 | 20200930011303.0 | ||
| 008 | 100903s1999 mx 000 p spa d | ||
| 020 | _a9681905288 | ||
| 040 |
_aDO-SdBNP _bspa |
||
| 082 |
_aU861.44 _bB462po |
||
| 100 | 1 |
_aBenedetti, Mario, _d1920-2009 _911959 |
|
| 245 | 1 | 0 |
_aPoemas de la oficina : 1953-1956 ; poemas del Hoyporhoy : 1958-1961 / _cMario Benedetti. |
| 260 |
_aMéxico : _bAlfaguara, _c1999. |
||
| 300 |
_a103 p. ; _c19 cm. |
||
| 490 | 1 | _aAlfaguara bolsillo | |
| 490 | 1 | _aBiblioteca Mario Benedetti | |
| 650 | 4 |
_aPoesía uruguaya _93846 |
|
| 650 | 4 |
_aLiteratura uruguaya _93054 |
|
| 740 | 0 | _aPoemas del Hoyporhoy : 1958-196 | |
| 830 | 0 |
_aBiblioteca Mario Benedetti _924217 |
|
| 830 | 0 |
_aAlfaguara bolsillo _94125 |
|
| 910 | _aWM | ||
| 049 | _aBNGR | ||
| 999 |
_c20787 _d20787 |
||